| 000 | 00698cam a22002058i 4500 | ||
|---|---|---|---|
| 999 |
_c57416 _d57416 |
||
| 001 | 20476284 | ||
| 005 | 20221107151950.0 | ||
| 006 | m |o d | | ||
| 008 | 180430s2019 nyu ob 001 0 eng | ||
| 020 | _a9780190878917x | ||
| 041 | _aeng | ||
| 080 | _a327.73 M-96 | ||
| 100 |
_aMurray, Michelle K., _98499 |
||
| 245 | 1 | 4 |
_aThe struggle for recognition in international relations : _bstatus, revisionism, and rising powers / _cMichelle Murray. |
| 264 | 1 |
_aNew York, NY : _bOxford University Press, _c2019. |
|
| 300 |
_a272 p. ; _b23 cm. |
||
| 653 | _aპოლიტიკა | ||
| 653 | _aსაერთაშორისო ურთიერთობები | ||
| 942 |
_2udc _cBK |
||